| 000 | 00661nam a22001935i 4500 | ||
|---|---|---|---|
| 001 | 68528 | ||
| 003 | ES-MaACL | ||
| 005 | 20250822063129.0 | ||
| 007 | t| | ||
| 008 | 960806s1865 fr ||||1| fre d | ||
| 040 |
_aCAM _bspa _cCAM |
||
| 100 | 1 |
_aGarnier, Joseph, _d1813-1881 _9154520 |
|
| 245 | 1 | 0 |
_aNotes et petits traités contenant éléments de statistique et opuscules divers ... / _cpar Joseph Garnier. |
| 250 | _a2ª éd. cons. aug. | ||
| 260 |
_aParis : _bGarnier Fréres : _bGuillaumin et Cie., _c1865 ( _fImp. Simon Racon et Comp.) |
||
| 300 |
_a[4], IV, 573, [1] p. ; _c18 cm. |
||
| 852 |
_aES-MaACL _jF-12370 |
||
| 999 |
_c68528 _d68528 |
||